Spatial Ecology : (Record no. 589054)

MARC details
000 -LEADER
fixed length control field 00470nam a2200181 a 4500
008 - FIXED-LENGTH DATA ELEMENTS--GENERAL INFORMATION
fixed length control field 250923s2009##################000#0#eng##
020 ## - INTERNATIONAL STANDARD BOOK NUMBER
ISBN 9781420059854
082 04 - DEWEY DECIMAL CLASSIFICATION NUMBER
Classification number 577.015
Item number CAN
100 1# - MAIN ENTRY--AUTHOR NAME
Personal name Cantrell, Stephen,
245 10 - TITLE STATEMENT
Title Spatial Ecology :
260 ## - PUBLICATION, DISTRIBUTION, ETC. (IMPRINT)
Name of publisher Chapman and Hall/CRC,
Year of publication 2009.
650 #0 - SUBJECT ADDED ENTRY--TOPICAL TERM
Topical Term Mathematics.
942 ## - ADDED ENTRY ELEMENTS (KOHA)
Koha item type English Books
Holdings
Withdrawn status Lost status Damaged status Not for loan Home library Current library Shelving location Date acquired Full call number Accession Number Price effective from Koha item type
        Anna Centenary Library Anna Centenary Library 5TH FLOOR, A WING 23.09.2025 577.015 CAN 144085 23.09.2025 English Books

Find us on the map